Momentos perfectos : (Registro nro. 33220)
[ vista simple ]
| 000 -CABECERA | |
|---|---|
| Longitud fija campo de control | 01405nam a2200385 a 4500 |
| 003 - • IDENTIFICADOR DELl NÚMERO DE CONTROL | |
| Identificador del número de control | CO-ViMGA |
| 005 - • FECHA Y HORA DE LA ÚLTIMA TRANSACCIÓN | |
| Fecha y hora de la última transacción | 20230915232141.0 |
| 008 - • CÓDIGOS DE INFORMACIÓN DE LONGITUD FIJA | |
| Códigos de información de longitud fija | 141112s2004 ck r 000 u spa d |
| 017 ## - NÚMERO DE COPYRIGHT O DE DEPÓSITO LEGAL | |
| Número de copyright o de depósito legal | B 2814 - 2007 Oficina Depósito Legal Barcelona |
| 020 ## - • NÚMERO INTERNACIONAL NORMALIZADO PARA LIBROS | |
| Número Internacional Normalizado para Libros (ISBN) | 9788493521240 |
| 040 ## - FUENTE DE LA CATALOGACIÓN | |
| Centro catalogador de origen | CO-ViMGA |
| Lengua de catalogación | spa |
| Centro transcriptor | CO-ViMGA |
| 041 ## - • CÓDIGO DE LENGUA | |
| Código de lengua del texto/banda sonora o título independiente | spa |
| 080 ## - NÚMERO DE LA CLASIFICACIÓN DECIMAL UNIVERSAL | |
| Número de la Clasificación Decimal Universal | 929 O'Kelly, Eugene |
| 082 04 - • NÚMERO DE LA CLASIFICACIÓN DECIMAL DEWEY | |
| Número de clasificación (R) | 155.934 O42m |
| 100 1# - • PUNTO DE ACCESO PRINCIPAL-NOMBRE DE PERSONA | |
| Nombre de persona | O'Kelly, Eugene |
| 240 ## - • TÍTULO UNIFORME | |
| Título uniforme | <a href="Chasing daylight Español">Chasing daylight Español</a> |
| 245 10 - • TITULO PROPIAMENTE DICHO | |
| Título | Momentos perfectos : |
| Resto del título | cómo mi muerte inminente me transformó la vida. el relato final Eugene O'Kelly con Andrew Postman ; [traducción, EdiDe] |
| 300 ## - • DESCRIPCIÓN FÍSICA | |
| Extensión | 153 p. 22 cm |
| 490 ## - • MENCIÓN DE SERIE | |
| Mención de serie | Alienta optimiza n. 5 |
| 500 ## - • NOTA GENERAL | |
| Nota general | "Premio al mejor libro 2006, Financial Times" - - Cub. |
| 594 ## - | |
| -- | Traducción de : Chasing daylight |
| 600 ## - • PUNTO DE ACCESO ADICIONAL DE MATERIA - NOMBRE DE PERSONA | |
| Nombre de persona | O'Kelly, Eugene embne |
| 650 14 - • PUNTO DE ACCESO ADICIONAL DE MATERIA - TÉRMINO DE MATERIA | |
| Término de materia o nombre geográfico como elemento inicial | Muerte - Aspectos psicológicos |
| 700 1# - • PUNTO DE ACCESO ADICIONAL - NOMBRE DE PERSONA | |
| Nombre de persona | Postman, Andrew |
| 926 ## - | |
| -- | BNALCALA SG_PETANTI 12/447237 FONDO_MODE 1 |
| 942 ## - ENTRADA DE ELEMENTOS AGREGADOS (KOHA) | |
| Fuente de clasificaión o esquema | Dewey Decimal Classification |
| Koha [por defecto] tipo de item | LIbro |
| 956 ## - LOCALIZACIÓN Y ACCESO ELECTRÓNICO LOCAL (OCLC) | |
| Nombre de la fuente | 2 |
| 980 ## - EQUIVALENCIA O SECCIÓN-REFERENCIA-INFORME SERIES--NOMBRE / TÍTULO DE PERSONA [LOCAL, CANADA] | |
| Nombre personal | 017. B 2814 - 2007 020. 978 - 84 - 935212 - 4 - 0 (ISBN único) 852. 40 M - BN BNALCALA MO05214657 12/447237 DG ALCALA |
| Perdido | Fuente de clasificación o esquema | Estado Físico | No para préstamo | Forma de adquisición | Localización permanente | Localización actual | Fecha adquisición | Serie de enumeración / cronolog&íacute;a | Préstamos totales | Signatura completa | Código de barras | Fecha última consulta | Número de copia | Fecha del precio de reemplazo | Tipo de item de Koha |
|---|---|---|---|---|---|---|---|---|---|---|---|---|---|---|---|
| Dewey Decimal Classification | Sala Especializada Tercer Piso | Biblioteca Pública Germán Arciniegas - Villavicencio | Biblioteca Pública Germán Arciniegas - Villavicencio | 12/04/2015 | 23/oct/2014 | 155.934 O42m | 27265 | 12/04/2015 | Ej. 1 | 12/04/2015 | LIbro |